Loading...
Literature - European Literature | 0 | 4 | 0 | 0 | 40 | 108 | 141.25 | 1 | 2 |
Literature - World Literature | 1 | 2 | 0 | 1 | 35 | 53 | 96.67 | 1 | 2 |
Fine Arts - Visual Fine Arts | 2 | 1 | 1 | 1 | 35 | 73 | 101.33 | 1 | 2 |
Other Academic | 1 | 1 | 0 | 1 | 25 | 58 | 102.00 | 0 | 1 |
Fine Arts - Other Fine Arts | 0 | 2 | 1 | 0 | 15 | 121 | 131.50 | 0 | 1 |
Social Science | 0 | 1 | 0 | 0 | 10 | 135 | 135.00 | 1 | 1 |
Fine Arts - Classical Music and Opera | 0 | 1 | 0 | 0 | 10 | 133 | 133.00 | 0 | 0 |
Science - Physics | 0 | 1 | 0 | 1 | 10 | 118 | 118.00 | 0 | 0 |
Literature - British Literature | 0 | 1 | 1 | 0 | 5 | 143 | 143.00 | 0 | 0 |
Science - Other Science | 0 | 1 | 2 | 0 | 0 | 69 | 69.00 | 0 | 0 |
Beliefs | 0 | 1 | 3 | 0 | -5 | 89 | 89.00 | 0 | 1 |